000 00420nam a2200205Ia 4500
001 12080
003 GE_BSU
008 181216s||||||||xx |||||||||||||| ||und||
020 _a9780752826028
040 _cGE_BSU
080 _a821.111-32
100 _aBinchy,Maeve
245 _aTara road
260 _aLondon
260 _bOrion.
260 _c1999.
300 _a639p;18cm.
653 _aTara road
942 _cBK
999 _c45257
_d45257